000110430 001__ 110430
000110430 005__ 20220210105305.0
000110430 037__ $$aTAZ-TFG-2021-1569
000110430 041__ $$aspa
000110430 1001_ $$aCriteanu, Julia
000110430 24200 $$aThe criminal process of minors: the instruction phase
000110430 24500 $$aEl proceso penal de menores: la fase de instrucción
000110430 260__ $$aZaragoza$$bUniversidad de Zaragoza$$c2021
000110430 506__ $$aby-nc-sa$$bCreative Commons$$c3.0$$uhttp://creativecommons.org/licenses/by-nc-sa/3.0/
000110430 520__ $$aEl presente trabajo tiene por objeto el estudio y análisis de la fase de instrucción en el proceso penal de menores; partiendo desde el desarrollo de sus orígenes, su razón de ser y los sujetos intervinientes.<br />
000110430 521__ $$aGraduado en Derecho
000110430 540__ $$aDerechos regulados por licencia Creative Commons
000110430 700__ $$aMartí Payá, Vanesa$$edir.
000110430 7102_ $$aUniversidad de Zaragoza$$bDerecho Privado$$cDerecho Procesal
000110430 8560_ $$f761031@unizar.es
000110430 8564_ $$s477736$$uhttps://zaguan.unizar.es/record/110430/files/TAZ-TFG-2021-1569.pdf$$yMemoria (spa)
000110430 909CO $$ooai:zaguan.unizar.es:110430$$pdriver$$ptrabajos-fin-grado
000110430 950__ $$a
000110430 951__ $$adeposita:2022-02-10
000110430 980__ $$aTAZ$$bTFG$$cDER
000110430 999__ $$a20210617213920.CREATION_DATE